00462 2200169 4500001002100000005001500021035002000036245005600056100002700112300003400139260004700173082001000220084001600230020001800246600001100264990001700275INLIS00000000000075120250214081502 a0010-02250000161 aBermimpi, Berdoa, Berusaha /cRizki Amelia Suhailah0 aSuhailah, Rizki Amelia a220 hlm :bIlus ;c14 x 21 cm aJakarta :bPT Elex Media Komputindo,c2016 a297.3 a297.3 SUH b a9786020290942 4aIbadah a2049/PP/2024